=LDR 00000nam 2200000 4500 =001 INLIS000000000021768 =005 20130612120608 =008 ***********************************Ind** =035 ##$$0010-061300000021768 =041 ##$$a Ind =082 ##$$a 651.75 =090 ##$$a 651.75, Pra-s =100 ##$$a PRATAMA, Bagas =245 ##$$a Surat menyurat Bisnis Modern Edisi lengkap, Bagas Pratama, S.Pd. ; Drs. Manurung =260 ##$$a 1998 $b Bandung =300 ##$$a 248 hlm., ilus., 21 cm =650 ##$$a Bisnis - Surat Menyurat =850 ##$$a NBPNMAT